Statistics for War Thunder British Ground Vehicles

Click here to take the quiz!

General Stats

  • This quiz has been taken 35 times
  • The average score is 18 of 79

Answer Stats

RankAnswer% Correct
IIIChallenger
72%
IIChurchill I
56%
IIArcher
52%
IIIChurchill III
52%
IICromwell I
52%
ITetrarch I
52%
IICromwell V
48%
IIAchilles
44%
VIIChallenger 2
44%
IIIChurchill VII
44%
IIISherman Firefly
44%
IISherman II
44%
IICrusader II
40%
IICrusader III
40%
IIMatilda III
40%
IStuart I
40%
IA13 Mk I
36%
IStuart III
36%
IA13 Mk II
32%
IVCenturion Mk 1
32%
IVCenturion Mk 3
28%
VIChieftain Mk 5
28%
IIIComet I
28%
IDaimler Mk II
28%
IVFV4005
28%
VCenturion Mk 10
24%
VIChieftain Mk 10
24%
VIChieftain Mk 3
24%
VConqueror
24%
IICrusader AA Mk I
24%
IIICrusader AA Mk II
24%
IIGun Carrier (3-inch)
24%
IVSkink
24%
IIValentine Mk I
24%
IIAEC AA
20%
IIIConcept 3
20%
VRatel 20
20%
IVRatel 90
20%
IStaghound AA
20%
IIValentine Mk IX
20%
VVickers Mk 1
20%
VIVickers Mk 7
20%
IIIAvenger
16%
VIIBlack Knight
16%
VIIChallenger 2 TES
16%
VIChallenger Mk 2
16%
VIChallenger Mk 3
16%
IIIChurchill NA75
16%
IVG6
16%
ILight AA Mk I
16%
IVTortoise
16%
IIValentine Mk XI
16%
VVickers Mk 3
16%
IIIYstervark
16%
VIZA-35
16%
IIIBosvark
12%
VIIChallenger 2 (2F)
12%
VIIChallenger 2E
12%
VIChieftain Marksman
12%
IVEland 90 Mk 7
12%
VFalcon
12%
IVFV4202
12%
VIRooikat Mk 1D
12%
VIIStormer HVM
12%
VStriker
12%
VSwingfire
12%
VIIADATS (M113)
8%
IVCharioteer Mk VII
8%
IVConway
8%
VIOlifant Mk 1A
8%
VIRooikat MTTD
8%
VIITTD
8%
VIVFM5
8%
VIWarrior
8%
IVCaernarvon
4%
VIOlifant Mk 2
4%
IISARC MkVI (2pdr)
4%
IISARC MkVI (6pdr)
4%
VIZT3A2
4%

Score Distribution

Percentile by Number Answered

Percent of People with Each Score

Your Score History

You have not taken this quiz